[Event "Challenge"]
[Site "http://www.queenalice.com/game.php?id=693021"]
[Date "2009.12.4"]
[Round "-"]
[White "Meirebel"]
[Black "BLUESHARK"]
[Result "1-0"]
[WhiteElo "1890"]
[BlackElo "1615"]

1. e4 e6 2. d4 d6 3. Nf3 Be7 4. Bc4 Nf6 5. Nc3 O-O 6. O-O b6 7. Re1 Nc6 8. a3
Na5 9. Ba2 Bb7 10. Qd2 Rb8 11. d5 e5 12. b4 Nc6 13. dxc6 Bxc6 14. b5 Bb7 15. Ng5
a5 16. Re3 g6 17. Rg3 Nh5 18. Rg4 Qd7 19. h3 Kg7 20. Nd5 Bd8 21. a4 c5 22. bxc6
Bxc6 23. Nf3 Qc8 24. Qh6+ Kg8 25. Ng5 Bxg5 26. Rxg5 Bxa4 27. Ne7+ 1-0

[Event "Challenge"]
[Site "http://www.queenalice.com/game.php?id=693022"]
[Date "2009.12.4"]
[Round "-"]
[White "BLUESHARK"]
[Black "Meirebel"]
[Result "1-0"]
[WhiteElo "1626"]
[BlackElo "1888"]

1. e3 e5 2. d3 d5 3. Be2 Nf6 4. Nf3 Nc6 5. O-O Bd6 6. b3 O-O 7. Nc3 e4 8. dxe4
dxe4 9. Nd4 Nxd4 10. exd4 Bb4 11. Bb2 Re8 12. Nb5 a6 13. Na3 Qd5 14. Bc4 Qg5 15.
Bc1 Qg6 16. Nb1 Bh3 17. g3 Bxf1 18. Bxf1 Rad8 19. a3 Bc5 20. c3 Rd7 21. b4 Bb6
22. Be3 Ng4 23. Bf4 Qh5 24. h4 g5 25. Bxg5 Rd5 26. Bf4 Qf5 27. Nd2 h5 28. Nc4
Ba7 29. Ne3 Nxe3 30. Bxe3 b5 31. Ra2 Bb6 32. Rd2 a5 33. Kg2 Ra8 34. Qb3 Qf3+ 35.
Kg1 c6 36. Bg2 Qf5 37. Kh2 Qg6 38. Qd1 f5 39. f4 axb4 40. axb4 Ra3 41. Qc1 Ra7
42. Qb2 Rg7 43. Bf2 Rd6 44. Rd1 e3 45. Be1 Qg4 46. Rd3 Re6 47. Qc2 Qxh4+ 48.
gxh4 e2 49. Bf3 Bc7 50. Bxe2 Bxf4+ 51. Bg3 Bh6 52. Bxh5 f4 53. Be1 Rxe1 54. Qb3+
Kh8 55. Bf3 Rf1 56. Qe6 Rf2+ 57. Bg2 Rfxg2+ 58. Kh3 R2g6 59. Qe8+ Rg8 60. Qe5+
Kh7 61. Qf5 Rf8 62. Qe4 Kg8 63. Qxg6+ 1-0

[Event "Challenge"]
[Site "http://www.queenalice.com/game.php?id=712172"]
[Date "2010.1.11"]
[Round "-"]
[White "Meirebel"]
[Black "BLUESHARK"]
[Result "1-0"]
[WhiteElo "1897"]
[BlackElo "1652"]

1. d4 e6 2. e4 d6 3. Nf3 Nh6 4. Nc3 Be7 5. Bc4 O-O 6. Bxh6 gxh6 7. Qd2 Bg5 8.
Nxg5 Qxg5 9. O-O-O Qxg2 10. Rhg1 Qxg1 11. Rxg1+ Kh8 12. Qxh6 Nd7 13. Qg7# 1-0

[Event "Challenge"]
[Site "http://www.queenalice.com/game.php?id=712173"]
[Date "2010.1.11"]
[Round "-"]
[White "BLUESHARK"]
[Black "Meirebel"]
[Result "0-1"]
[WhiteElo "1658"]
[BlackElo "2370"]

1. e3 e5 2. d3 d5 3. Nh3 Nc6 4. Be2 Bd6 5. O-O Bxh3 6. gxh3 Qh4 7. Bg4 h5 8. Bf3
Qxh3 9. Bg2 Qg4 10. Qxg4 hxg4 11. e4 Nd4 12. Nc3 Nxc2 13. Rb1 d4 14. Ne2 Nb4 15.
a3 Nxd3 16. Bd2 Nf4 17. Nxf4 exf4 18. f3 g3 19. h3 c5 20. Rfc1 Rc8 21. Kf1 Ne7
22. Ke2 b6 23. Rh1 c4 24. Rbc1 d3+ 25. Ke1 Ng6 26. Bf1 Nh4 27. Bc3 Nxf3+ 28. Kd1
Nh2 29. Rxh2 gxh2 30. Bg2 Rxh3 31. Kd2 Re3 32. Bd4 Re2+ 0-1

[Event "Let's Play Chess!"]
[Site "http://www.queenalice.com/game.php?id=712696"]
[Date "2010.1.12"]
[Round "-"]
[White "jamsession"]
[Black "BLUESHARK"]
[Result "1/2-1/2"]
[WhiteElo "1637"]
[BlackElo "1656"]

1. e4 e6 2. d4 d6 3. Nf3 Be7 4. Be2 Bf6 5. O-O Ne7 6. c4 O-O 7. Qc2 Ng6 8. Be3
b6 9. Na3 Ba6 10. Rad1 Nd7 11. b3 Rb8 12. g3 c5 13. d5 e5 14. Qd2 Bc8 15. Kh1 a5
16. Ng1 Qe8 17. Nc2 Ba6 18. a4 Ne7 19. f4 Kh8 20. Ne1 Ng8 21. f5 Qc8 22. g4 Qd8
23. Bf3 Rb7 24. Ng2 Rc7 25. g5 Be7 26. h4 Bc8 27. Ne2 Qe8 28. Ng3 Qd8 29. h5 Qe8
30. Kg1 1/2-1/2

[Event "Challenge"]
[Site "http://www.queenalice.com/game.php?id=712843"]
[Date "2010.1.13"]
[Round "-"]
[White "TomasJeferson"]
[Black "BLUESHARK"]
[Result "0-1"]
[WhiteElo "1397"]
[BlackElo "1646"]

1. e4 e6 2. e5 d5 3. Nf3 Be7 4. d4 Nh6 5. Nc3 O-O 6. Bd3 Nf5 7. Bf4 g6 8. Bh6
Nxh6 9. h4 Nf5 10. h5 Nc6 11. g4 Nfxd4 12. Nd2 Nb8 13. f4 b6 14. Ne2 Ndc6 0-1

[Event "Challenge"]
[Site "http://www.queenalice.com/game.php?id=712844"]
[Date "2010.1.13"]
[Round "-"]
[White "BLUESHARK"]
[Black "TomasJeferson"]
[Result "1-0"]
[WhiteElo "1652"]
[BlackElo "1391"]

1. e3 e5 2. d3 d5 3. Be2 Nc6 4. Nh3 Nf6 5. O-O Ne4 6. dxe4 d4 7. c3 dxc3 8. Nxc3
Bxh3 9. gxh3 Qg5+ 10. Bg4 h5 11. Nd5 Rc8 12. Qf3 Bd6 13. Kh1 hxg4 14. Qxg4 1-0

[Event "Challenge"]
[Site "http://www.queenalice.com/game.php?id=1031040"]
[Date "2012.2.18"]
[Round "-"]
[White "BLUESHARK"]
[Black "Slazenger"]
[Result "0-1"]
[WhiteElo "1610"]
[BlackElo "1549"]

1. e3 e5 2. d3 d5 3. Be2 d4 4. e4 g6 5. Bf3 Nf6 6. Ne2 Nc6 7. O-O Bg4 8. Ng3 h5
9. Bxg4 hxg4 10. Nd2 Rh4 11. Nc4 Be7 12. Bg5 Rh7 13. b3 Kd7 14. Qd2 Qh8 15. h4
Nh5 16. Nxh5 Rxh5 17. f3 gxf3 18. g3 f6 19. g4 Rh7 20. Rxf3 fxg5 21. h5 gxh5 22.
Qg2 hxg4 23. Qxg4+ Kd8 24. Kf2 Rh2+ 25. Kg3 Rxc2 26. Rf2 Rxf2 27. Kxf2 Qf6+ 28.
Kg3 Qf4+ 29. Qxf4 exf4+ 30. Kg4 Bf6 31. Rh1 Nb4 32. Rh2 Nxd3 33. Na5 Ne5+ 34.
Kf5 Ke7 35. Rh7+ Nf7 36. e5 Bxe5 0-1

[Event "Challenge"]
[Site "http://www.queenalice.com/game.php?id=1044774"]
[Date "2012.4.1"]
[Round "-"]
[White "BLUESHARK"]
[Black "Slazenger"]
[Result "1-0"]
[WhiteElo "1609"]
[BlackElo "1570"]

1. e3 e5 2. Nh3 d5 3. g3 e4 4. d4 g5 5. Bd2 h6 6. Qe2 a6 7. Nc3 c6 8. f4 g4 9.
Nf2 h5 10. h4 Bb4 11. Na4 Bxd2+ 12. Qxd2 b5 13. Nc5 Nd7 14. Nxd7 Qxd7 15. Be2
Nf6 16. Qc3 O-O 17. Qa5 Qd6 18. Nd1 Bb7 19. Nc3 Rac8 20. O-O c5 21. Nd1 b4 22.
b3 Ra8 23. c3 Rfb8 24. cxb4 cxb4 25. a3 Bc8 26. axb4 Rxb4 27. Qa3 a5 28. Nc3 Ba6
29. Rfe1 Bxe2 30. Rxe2 Qb6 31. Rb2 Qa6 32. Na4 Qd3 33. Re1 Rab8 34. Nc5 Qc3 35.
Kf2 R8b6 36. Ree2 R6b5 37. Rec2 Qxc2+ 38. Rxc2 Ne8 39. Rc3 Nd6 40. Na6 Nc4 41.
Qa2 a4 42. Nxb4 1-0

[Event "Let's Play Chess!"]
[Site "http://www.queenalice.com/game.php?id=1064236"]
[Date "2012.5.29"]
[Round "-"]
[White "FerreiraAzevedo"]
[Black "BLUESHARK"]
[Result "1-0"]
[WhiteElo "2665"]
[BlackElo "1638"]

1. d4 e6 2. e4 d6 3. Nf3 Nf6 4. Bd3 Be7 5. O-O O-O 6. Nc3 Na6 7. a3 Bd7 8. Qe2
c6 9. e5 Nd5 10. exd6 Bxd6 11. Ne4 Be7 12. c4 Nf6 13. Nxf6+ Bxf6 14. Qe4 g6 15.
Bh6 Bg7 16. Bxg7 Kxg7 17. h4 h5 18. Ne5 Be8 19. Bc2 Qd6 20. Rad1 Nc7 21. Rd3 Rd8
22. Rfd1 Qe7 23. Rg3 f5 24. Qf4 a6 25. Rdd3 Qf6 26. Rxg6+ Bxg6 27. Rg3 Kh7 28.
Rxg6 1-0

[Event "F.E.A.R. - game 02"]
[Site "http://www.queenalice.com/game.php?id=1067213"]
[Date "2012.6.2"]
[Round "-"]
[White "adelio"]
[Black "BLUESHARK"]
[Result "1-0"]
[WhiteElo "1687"]
[BlackElo "1653"]

1. Nf3 e6 2. d4 d6 3. e4 Be7 4. g3 Nf6 5. Nc3 Na6 6. b3 O-O 7. Bg5 Ne8 8. h4
Bxg5 9. hxg5 g6 10. Rh6 c6 11. a3 d5 12. e5 Ng7 13. Qd2 Nf5 14. Rh3 Bd7 15. Be2
b5 16. O-O-O Qb6 17. Qf4 Nc7 18. g4 Ng7 19. Rdh1 f5 20. gxf6 Kf7 21. fxg7+ Kxg7
22. Rxh7+ 1-0

[Event "Challenge"]
[Site "http://www.queenalice.com/game.php?id=1266252"]
[Date "2014.3.19"]
[Round "-"]
[White "BLUESHARK"]
[Black "Slazenger"]
[Result "0-1"]
[WhiteElo "1620"]
[BlackElo "1643"]

1. e3 e5 2. d3 Nc6 3. Nf3 d6 4. Be2 f6 5. O-O Qe7 6. e4 Bg4 7. Nh4 Bxe2 8. Qxe2
Nd4 9. Qd2 Qe6 10. Nc3 Ne7 11. b3 c6 12. Bb2 g5 13. Nf3 Ng6 14. Nxd4 exd4 15.
Ne2 c5 16. Ng3 Nf4 17. b4 Qe5 18. a3 h5 19. Nh1 Qe6 0-1

[Event "Challenge"]
[Site "http://www.queenalice.com/game.php?id=1266657"]
[Date "2014.3.20"]
[Round "-"]
[White "BLUESHARK"]
[Black "AuntieRenie"]
[Result "0-1"]
[WhiteElo "1605"]
[BlackElo "1662"]

1. e3 d5 2. d3 Nf6 3. Nf3 c6 4. Be2 Qa5+ 5. Bd2 Qb6 6. b3 g6 7. O-O Bg7 8. Bc3
Rf8 9. Bd4 Qc7 10. Ne5 c5 11. Bc3 d4 12. exd4 Nd5 13. Nc4 cxd4 14. Ba5 Qf4 15.
Bf3 Be6 16. Bd2 Qc7 17. Nba3 a6 18. Ba5 Qf4 19. Re1 Nc3 20. Bxc3 dxc3 0-1

[Event "Let's Play Chess!"]
[Site "http://www.queenalice.com/game.php?id=1267333"]
[Date "2014.3.22"]
[Round "-"]
[White "Andrei_78"]
[Black "BLUESHARK"]
[Result "1-0"]
[WhiteElo "1598"]
[BlackElo "1638"]

1. e4 e6 2. Nf3 d6 3. h3 Be7 4. Nc3 Nf6 5. d3 O-O 6. Be2 b6 7. O-O e5 8. Bg5 Nh5
9. Bxe7 Qxe7 10. Nh2 Nf4 11. Bf3 Qg5 12. Ne2 Nxh3+ 13. Kh1 Nf4 14. Nxf4 Qxf4 15.
g3 Qg5 16. a3 Nd7 17. b4 1-0